Cotinga : (Registro nro. 16832)

Detalles MARC
000 -CABECERA
Campo de control 00735aasaa2200229 4500
005 - FECHA Y HORA DE LA ULTIMA TRANSACCION
Campo de control 20171002093551.0
008 - ELEMENTOS DE LONGITUD FIJA—INFORMACION GENERAL
Campo de control 171002s1994 uk u||n|r|||| 00| 0 eng d
022 ## - ISSN
ISSN 1353-985X
040 ## - FUENTE DE CATALOGACIÓN
Agencia catalogadora original CO-BoIAVH
Agencia transcriptora CO-BoIAVH
041 0# - IDIOMA
Código de idioma para texto/pista de sonido o título separado Inglés
044 ## - PAÍS DE PUBLICACIÓN
País de publicación Reino Unido
090 ## - CLASIFICACIÓN LOCAL
Colección SE
245 10 - MENCION DE TITULO
Título Cotinga :
Parte restante del título Journal of the Neotropical Bird Club /
260 ## - PUBLICACION, DISTRIBUCION, ETC. (PIE DE IMPRENTA)
Lugar de publicación, distribución, etc. Gran Bretaña :
Nombre del editor, distribuidor, etc. Neotropical Bird Club,
Fecha de publicación, distribución, etc. 1994-.
300 ## - DESCRIPCION FISICA
Otros detalles físicos ilustraciones, fotografías a color y tablas ;
Dimensiones 25 x 18 cm.
310 ## - FRECUENCIA ACTUAL DE LA PUBLICACIÓN
Frecuencia actual de la publicación Semestral
504 ## - NOTA DE BIBLIOGRAFIA, ETC.
Nota de bibliografía Incluyen referencias bibliográficas.
650 26 - ASIENTO SECUNDARIO DE MATERIA - TERMINO TEMATICO
Término temático o nombre geográfico como elemento de entrada Aves
Subdivisión de forma Publicaciones periódicas
9 (RLIN) 85549
650 26 - ASIENTO SECUNDARIO DE MATERIA - TERMINO TEMATICO
Término temático o nombre geográfico como elemento de entrada Ornitología
Subdivisión de forma Publicaciones periódicas
9 (RLIN) 85550
710 2# - ASIENTO SECUNDARIO - NOMBRE CORPORATIVO
Nombre corporativo o de jurisdicción como elemento de entrada The Neotropical Bird Club
9 (RLIN) 85551
942 ## - ELEMENTOS ADICIONALES (KOHA)
Tipo de ítem Periodica o revista
Sistema de clasificación Local
Existencias
Withdrawn status Lost status Sistema de Clasificación Damaged status No para préstamo Colección Fecha publicación (Año) Número revista Inventariado Ubicación Permanente Ubicación actual Fecha de adquisición Fuente de adquisición Datos de publicación Seriada Total Checkouts Número topográfico Inventario / Código de Barras Date last seen Ejemplar Price effective from Forma de adquisición Tipo de material Total Renewals Date checked out
    Local     Hemeroteca 1997 7 Inventariado 2017 Bogotá Bogotá 14/03/2001 Desconocido Número 7 (01/04/1997)   SE 006719 25/03/2015 Ej. 1 25/03/2015 Donación Periodica o revista    
    Local     Hemeroteca 1999 12 Inventariado 2017 Bogotá Bogotá 04/11/2005   Número 12 (01/09/1999)   SE 022044 25/03/2015 Ej. 1 25/03/2015 Donación Periodica o revista    
    Local     Hemeroteca 2000 14 Inventariado 2017 Bogotá Bogotá 04/11/2005   Número 14 (01/09/2000) 2 SE 022045 21/08/2018 Ej. 1 25/03/2015 Donación Periodica o revista 2 16/08/2018
    Local     Hemeroteca 2000 13 Inventariado 2017 Bogotá Bogotá 28/09/2006   Número 13 (01/04/2000)   SE 023334 25/03/2015 Ej. 1 25/03/2015 Donación Periodica o revista    
    Local     Hemeroteca 1997 8 Inventariado 2017 Bogotá Bogotá 02/10/2017   Número 8 (01/09/1997)   SE 029881 02/10/2017 Ej. 1 02/10/2017 Donación Periodica o revista